The care and conservation of Georgian houses : (Record no. 548879)
[ view plain ]
| 000 -LEADER | |
|---|---|
| fixed length control field | 00833cam a2200205 a 4500 |
| 020 ## - INTERNATIONAL STANDARD BOOK NUMBER | |
| International Standard Book Number | 0750618604 |
| 082 00 - DEWEY DECIMAL CLASSIFICATION NUMBER | |
| Classification number | 690/.83/0288 |
| Author Mark | CAR |
| -- | 41599 |
| 100 ## - MAIN ENTRY--PERSONAL NAME | |
| Personal name | Davey Andy |
| 9 (RLIN) | 45332 |
| 245 04 - TITLE STATEMENT | |
| Title | The care and conservation of Georgian houses : |
| Remainder of title | a maintenance manual for Edinburgh New Town / |
| Statement of responsibility, etc. | Andy Davey ... [et al.]. |
| 250 ## - EDITION STATEMENT | |
| Edition statement | 4th ed. |
| 260 ## - PUBLICATION, DISTRIBUTION, ETC. | |
| Place of publication, distribution, etc. | Great Britain ; |
| -- | Great Britain: |
| Name of publisher, distributor, etc. | Bath Press, |
| Date of publication, distribution, etc. | 1995. |
| 300 ## - PHYSICAL DESCRIPTION | |
| Extent | xxvii, 291 p. : |
| Other physical details | ill. ; |
| Dimensions | 30 cm. |
| 526 ## - STUDY PROGRAM INFORMATION NOTE | |
| Program name | 0 |
| Interest level | 0 |
| Reading level | 0 |
| Title point value | 690_830288000000000_CAR |
| 650 #0 - SUBJECT ADDED ENTRY--TOPICAL TERM | |
| Topical term or geographic name entry element | Architecture, Georgian |
| General subdivision | Conservation and restoration |
| Geographic subdivision | Scotland |
| -- | Edinburgh. |
| 9 (RLIN) | 45333 |
| 650 #0 - SUBJECT ADDED ENTRY--TOPICAL TERM | |
| Topical term or geographic name entry element | Historic buildings |
| Geographic subdivision | Scotland |
| -- | Edinburgh |
| General subdivision | Maintenance and repair. |
| 9 (RLIN) | 45334 |
| 650 #0 - SUBJECT ADDED ENTRY--TOPICAL TERM | |
| Topical term or geographic name entry element | MCE |
| 9 (RLIN) | 379 |
| 700 1# - ADDED ENTRY--PERSONAL NAME | |
| Personal name | Davey, Andy. |
| 9 (RLIN) | 45335 |
| 856 42 - ELECTRONIC LOCATION AND ACCESS | |
| Uniform Resource Identifier | <a href="http://www.loc.gov/catdir/enhancements/fy1117/94025926-d.html">http://www.loc.gov/catdir/enhancements/fy1117/94025926-d.html</a> |
| 942 ## - ADDED ENTRY ELEMENTS (KOHA) | |
| Source of classification or shelving scheme | |
| Koha item type | Book |
| Withdrawn status | Lost status | Source of classification or shelving scheme | Damaged status | Not for loan | Permanent Location | Current Location | Date acquired | Total Checkouts | Full call number | Barcode | Date last seen | Price effective from | Koha item type |
|---|---|---|---|---|---|---|---|---|---|---|---|---|---|
| Military College of Engineering (MCE) | Military College of Engineering (MCE) | 09/09/2014 | 690/.83/0288 CAR | MCE-41599 | 09/09/2014 | 09/09/2014 | Book |
